000 00430nam a2200157 a 4500
001 3012
003 CDMR
005 20130411163610.0
008 130130s1993||||||||||||||||||||||||||||d
040 _aCDMR
_bcat
_cCDMR
100 1 _aWittke, Oscar
_92213
245 1 0 _aOscar Wittke
_b: imágenes fotográficas : 1979/92
_cOscar Wittke
260 _aSantiago de Chile
_c1993
_bLOM ediciones
650 0 4 _93097
_aFotògrafs
942 _cMON
_2udc
999 _c3012
_d3012